[Event "BCF-chT4S 1819 (4NCL)"]
[Site "England"]
[Date "2019.04.14"]
[Round "8.36"]
[White "Morrell, Sean"]
[Black "White, John"]
[Result "0-1"]
[WhiteElo "1487"]
[BlackElo "1787"]
[PlyCount "53"]
[EventDate "2018.11.17"]
[EventType "team-swiss"]
[EventRounds "11"]
[EventCountry "ENG"]
[SourceTitle "EXT 2021"]
[Source "ChessBase"]
[SourceDate "2020.10.23"]
[SourceVersion "1"]
[SourceVersionDate "2020.10.23"]
[SourceQuality "1"]
[WhiteTeam "Watford"]
[BlackTeam "Celtic Tigers II"]
[WhiteTeamCountry "ENG"]
[BlackTeamCountry "ENG"]

1. e4 c5 2. Nf3 d6 3. Bb5+ Bd7 4. Bxd7+ Nxd7 5. d4 cxd4 6. Nxd4 Ngf6 7. Nc3 a6 8. 0-0 e6 9. Bg5 Qc7 10. Qd2 Be7 11. Rad1 0-0 12. Rfe1 Rfe8 13. Nf3 Rac8 14. a4 Qb6 15. Rb1 Qc5 16. Qd4 Ne5 17. Qxc5 Nxf3+ 18. gxf3 Rxc5 19. Be3 Rc4 20. Rbd1 Rec8 21. Rd4 Rxd4 22. Bxd4 Rc4 23. Rd1 e5 24. Be3 h6 25. Rd3 Kf8 26. b3 Rc6 27. Rd2 0-1